Komparácia spôsobov účtovania zásob v podvojnom účtovníctve podnikateľov (spôsob A a spôsob B) diplomová práca

Guardado en:
Detalles Bibliográficos
Autor principal: Vašečková, Martina
Autor Corporativo: Fakulta hospodárskej informatiky EU. Katedra účtovníctva a audítorstva
Otros Autores: Novák, Jaromír, 1978-
Formato: Libro
Lenguaje:eslovaco
Publicado: Bratislava 2010
Etiquetas: Agregar Etiqueta
Sin Etiquetas, Sea el primero en etiquetar este registro!

MARC

LEADER 00000nam$a2200000$$$4500
001 0120287
005 20240318122402.8
041 0 |a slo 
044 |a SK 
245 1 0 |a Komparácia spôsobov účtovania zásob v podvojnom účtovníctve podnikateľov (spôsob A a spôsob B)  |b diplomová práca  |c Martina Vašečková ; škol. Jaromír Novák 
264 1 |a Bratislava  |c 2010 
300 |a 67 s. 
100 1 |a Vašečková, Martina 
700 1 |a Novák, Jaromír, 1978- 
710 2 |a Fakulta hospodárskej informatiky EU. Katedra účtovníctva a audítorstva